[Event "Challenge"]
[Site "http://www.queenalice.com/game.php?id=517772"]
[Date "2009.1.6"]
[Round "-"]
[White "JOROVAS"]
[Black "emmanuel69"]
[Result "0-1"]
[WhiteElo "1617"]
[BlackElo "1748"]

1. e4 c6 2. f3 d5 3. e5 Bf5 4. g4 Bg6 5. h4 h6 6. h5 Bh7 7. d3 e6 8. c3 Nd7 9.
d4 Nb6 10. Ne2 a6 11. Nd2 c5 12. dxc5 Bxc5 13. Nb3 Bf8 14. Na5 Rb8 15. b4 Nc4
16. Nb3 Nxe5 17. Bg2 Nd3+ 18. Kf1 Qb6 19. Nbd4 e5 20. Be3 exd4 21. Bxd4 Qe6 22.
Bh3 Qc6 23. f4 Nf6 24. f5 Nb2 25. Qc2 Nc4 26. Re1 Be7 27. Bxf6 gxf6 28. Rh2 Ne3+
29. Kg1 Nxc2 30. Rc1 Qb6+ 31. Kh1 Ne3 32. Nf4 Bd6 33. Rf2 Nxg4 34. Re2+ Ne5 35.
Nxd5 Qc6 36. Bg2 Qc8 37. Nxf6+ Kf8 38. Rd1 Be7 39. Nd5 f6 40. Rf2 Bxf5 41. Ne3
Ng4 42. Nxg4 Bxg4 43. Rd3 Bxh5 44. Bh3 Bg4 45. Bf1 Qc7 46. Rg2 h5 47. a3 Rd8 48.
Re3 Rd1 49. Rg1 Qc6+ 50. Bg2 Rxg1+ 51. Kxg1 Qb6 52. Kf2 f5 53. Bf3 Bg5 54. Bxg4
hxg4 0-1

[Event "Challenge"]
[Site "http://www.queenalice.com/game.php?id=525160"]
[Date "2009.1.18"]
[Round "-"]
[White "seah_thomas"]
[Black "emmanuel69"]
[Result "0-1"]
[WhiteElo "1734"]
[BlackElo "1757"]

1. d4 d5 2. g3 Nf6 3. Bg2 e6 4. Nf3 Be7 5. O-O O-O 6. b3 Re8 7. c4 c6 8. Bg5 Ne4
9. Bf4 Bd6 10. e3 Bxf4 11. exf4 Nd7 12. Qd3 Ndf6 13. Ne5 dxc4 14. bxc4 Nd6 15.
Nc3 Nd7 16. Bh3 Re7 17. f5 exf5 18. Bxf5 Nxf5 19. Qxf5 Nxe5 20. Qh5 Nxc4 21.
Rad1 Be6 22. Ne4 h6 23. Rd3 Qd7 24. Nc5 Qe8 25. g4 Nd6 26. g5 Nf5 27. gxh6 Nxh6
28. Rg3 Kh7 29. Ne4 Bxa2 30. Ng5+ Kh8 31. Nf3 f6 32. Qa5 Bd5 33. Nh4 g5 34. Qd2
Kh7 35. Ng2 Bxg2 36. Kxg2 Qf7 37. Rh3 Rae8 38. Rb1 Qg6 39. Rbb3 Qe4+ 40. Rbf3
Qg6 41. Rb3 b6 42. Rbc3 f5 43. Qc2 Re6 44. d5 cxd5 45. Rc7+ R8e7 46. Rc8 f4 47.
Rc7 Qxc2 48. Rxc2 a5 49. Rb2 Kg7 50. Rh5 Kg6 51. Rh3 Rb7 52. Rb5 Rd6 53. Ra3
Rdd7 54. Rd3 d4 55. Kf3 Nf5 56. Ke4 Nd6+ 0-1

[Event "Challenge"]
[Site "http://www.queenalice.com/game.php?id=525629"]
[Date "2009.1.19"]
[Round "-"]
[White "emmanuel69"]
[Black "solo"]
[Result "1-0"]
[WhiteElo "1738"]
[BlackElo "1644"]

1. c4 e5 2. g3 d5 3. cxd5 Qxd5 4. f3 e4 5. Bg2 exf3 6. Nxf3 f6 7. O-O Qd6 8. Nc3
c6 9. Ne4 Qd8 10. d3 Bg4 11. Nf2 Bc5 12. Kh1 Bxf2 13. Rxf2 Bxf3 14. Rxf3 Ne7 15.
a3 O-O 16. Qb3+ Qd5 17. Qxb7 Nd7 18. Rxf6 Rfb8 19. Bxd5+ 1-0

[Event "Challenge"]
[Site "http://www.queenalice.com/game.php?id=526746"]
[Date "2009.1.21"]
[Round "-"]
[White "Pankiller"]
[Black "emmanuel69"]
[Result "1-0"]
[WhiteElo "1729"]
[BlackElo "1767"]

1. d4 d5 2. Nf3 Nf6 3. Bf4 e6 4. Nc3 Bd6 5. Bxd6 Qxd6 6. e3 O-O 7. Bd3 Nc6 8.
O-O a6 9. e4 dxe4 10. Bxe4 Rd8 11. Bxc6 Qxc6 12. Qd3 h6 13. Rad1 Nd5 14. Nxd5
Qxd5 15. c4 Qd6 16. Rfe1 b6 17. Qe4 Rb8 18. Ne5 Bb7 19. Qf4 Qe7 20. b4 Rf8 21.
c5 Bd5 22. a3 b5 23. Rd3 c6 24. Rg3 Rbc8 25. Qxh6 g6 26. Nxg6 fxg6 27. Qxg6+ 1-0

[Event "Challenge"]
[Site "http://www.queenalice.com/game.php?id=533440"]
[Date "2009.2.1"]
[Round "-"]
[White "roda"]
[Black "emmanuel69"]
[Result "1/2-1/2"]
[WhiteElo "1983"]
[BlackElo "1716"]

1. e4 c6 2. d4 d5 3. e5 Bf5 4. Nf3 e6 5. Be3 Nd7 6. Bd3 Bxd3 7. Qxd3 a6 8. Nc3
c5 9. b3 cxd4 10. Bxd4 Ne7 11. O-O g6 12. a4 Nf5 13. Rab1 Nxd4 14. Qxd4 Bg7 15.
Rfe1 O-O 16. Rbd1 Rc8 17. h3 Qc7 18. Rd3 Qc5 19. Qxc5 Rxc5 20. Re2 Rfc8 21. Nd1
Rxc2 22. Rxc2 Rxc2 23. Ne3 Rc1+ 24. Kh2 Nxe5 25. Nxe5 Bxe5+ 26. g3 Rc3 27. Rxc3
Bxc3 28. Kg2 d4 29. Nd1 Bb4 30. Nb2 f5 31. f4 Kf7 32. Kf2 Kf6 33. Ke2 h5 34. Nc4
b5 35. Nb2 e5 36. fxe5+ Ke6 37. Nd3 Ba5 38. Nc5+ Kxe5 39. Nxa6 bxa4 40. bxa4 g5
41. Nc5 f4 42. gxf4+ gxf4 43. Kf3 Kf5 44. Nb3 Bb6 45. a5 Ba7 46. a6 d3 47. Nd2
Be3 48. h4 Ba7 49. Nc4 Bc5 50. Nd2 Ba7 51. Nc4 Bc5 52. Nd2 Ba7 1/2-1/2

[Event "Challenge"]
[Site "http://www.queenalice.com/game.php?id=533441"]
[Date "2009.2.1"]
[Round "-"]
[White "emmanuel69"]
[Black "roda"]
[Result "0-1"]
[WhiteElo "1722"]
[BlackElo "1977"]

1. c4 c5 2. g3 d5 3. e3 Nf6 4. Nc3 e6 5. Nf3 Be7 6. cxd5 exd5 7. d4 c4 8. Bg2 b5
9. Nxb5 Qa5+ 10. Nc3 Bb4 11. Bd2 Be6 12. a3 Bxc3 13. Bxc3 Qb6 14. Qc2 h6 15. O-O
Nbd7 16. Nd2 O-O 17. Bb4 Rfc8 18. Rac1 a5 19. Bc3 a4 20. Bb4 g6 21. Nb1 Bf5 22.
Qd2 Ne4 23. Qe2 Qe6 24. Nc3 Nxc3 25. Bxc3 Bd3 26. Qe1 Bxf1 27. Qxf1 f5 28. Qd1
g5 29. Qf3 Nf6 30. Bb4 h5 31. h3 Kg7 32. Rc2 Kg6 33. Bc3 Rab8 34. Bb4 Rb7 35.
Bc3 Rh8 36. Bb4 h4 37. Bc3 g4 38. hxg4 fxg4 39. Qe2 h3 40. Bh1 Ne4 41. Bb4 Rf7
42. Be1 Qf5 43. Bxe4 h2+ 44. Kh1 Qxe4+ 45. f3 Rxf3 46. Qg2 Rf1# 0-1

[Event "Challenge"]
[Site "http://www.queenalice.com/game.php?id=534510"]
[Date "2009.2.3"]
[Round "-"]
[White "francky78"]
[Black "emmanuel69"]
[Result "0-1"]
[WhiteElo "1643"]
[BlackElo "1707"]

1. e4 c6 2. d4 d5 3. exd5 cxd5 4. c4 Nf6 5. cxd5 Nxd5 6. Nf3 e6 7. a3 Be7 8. Be2
O-O 9. O-O Nc6 10. Re1 Re8 11. Be3 Bf6 12. Bb5 Bd7 13. Be2 Nxe3 14. fxe3 Ne7 15.
Nc3 Bc6 16. e4 g6 17. e5 Bg7 18. Qd2 Nf5 19. Rad1 Ne7 20. Bb5 a6 21. Ba4 b5 22.
Bb3 Nd5 23. Nxd5 Bxd5 24. Bxd5 Qxd5 25. Rc1 Rec8 26. h3 Kf8 27. Kf2 h6 28. h4
Ke7 29. Qb4+ Kd7 30. g4 Rxc1 31. Rxc1 Rc8 32. Rxc8 Kxc8 33. Qc3+ Kb7 34. g5 h5
35. Qc2 Qc6 36. Qxc6+ Kxc6 37. Ke3 Kd5 38. Kd3 Bf8 39. Nd2 a5 40. Nb3 a4 41. Na5
Be7 42. Nb7 b4 43. axb4 Bxb4 44. Nd8 Be1 45. Nxf7 Bxh4 46. Kc3 Be1+ 47. Kd3 Bf2
48. Nd6 Bxd4 0-1

[Event "Challenge"]
[Site "http://www.queenalice.com/game.php?id=534511"]
[Date "2009.2.3"]
[Round "-"]
[White "emmanuel69"]
[Black "francky78"]
[Result "0-1"]
[WhiteElo "1731"]
[BlackElo "1628"]

1. c4 c5 2. g3 e5 3. Bg2 Nc6 4. d3 Nf6 5. e4 Nd4 6. Nf3 d6 7. O-O Be7 8. Nxd4
cxd4 9. Nd2 O-O 10. Re1 b6 11. Nf3 Kh8 12. a3 Ng8 13. Nd2 Bb7 14. Nf3 Qd7 15.
Bg5 f6 16. Bd2 Rac8 17. Nh4 g6 18. Nf3 Bc6 19. a4 a5 20. b3 Kg7 21. Qc1 Ra8 22.
h4 Qc8 23. Kh2 Bd7 24. Ng1 Be6 25. Bh3 f5 26. exf5 Bxf5 27. Bxf5 Qxf5 28. f4 Qd7
29. Qd1 Nf6 30. Nf3 Ng4+ 31. Kg2 exf4 32. Bxf4 Rxf4 33. gxf4 Ne3+ 34. Rxe3 dxe3
35. Qe2 Qg4+ 36. Kh2 Qxf4+ 37. Kh3 Bf6 38. Rf1 Be5 39. Nxe5 Qxe5 40. Rf3 Re8 41.
Kg2 h6 42. Kh3 g5 43. hxg5 hxg5 44. Kg4 Rh8 45. Rf5 Rh4+ 46. Kxg5 Qg3+ 47. Qg4
Qxg4# 0-1

[Event "Challenge"]
[Site "http://www.queenalice.com/game.php?id=534512"]
[Date "2009.2.3"]
[Round "-"]
[White "emmanuel69"]
[Black "francky78"]
[Result "1/2-1/2"]
[WhiteElo "1727"]
[BlackElo "1646"]

1. c4 d5 2. cxd5 Qxd5 3. Nc3 Qa5 4. Nf3 c6 5. d4 Bg4 6. Ne5 Bc8 7. e3 Nf6 8. Bd3
e6 9. O-O Bd6 10. Nc4 Qc7 11. Nxd6+ Qxd6 12. Ne4 Nxe4 13. Bxe4 Nd7 14. Qc2 Nf6
15. Bf3 O-O 16. Rd1 Rd8 17. b3 Nd5 18. a3 Bd7 19. Be4 Nf6 20. Bb2 Qc7 21. Bd3
Rac8 22. b4 Be8 23. Rac1 Qe7 24. Qc5 Qxc5 25. Rxc5 b6 26. Rc2 Nd5 27. Rdc1 Bd7
28. Ba6 Rc7 29. Bd3 b5 30. Rc5 a6 31. Kf1 g6 32. Ke2 f5 33. Kd2 Kf7 34. Be2 Nb6
35. Ba1 Na4 36. R5c2 Rdc8 37. Bd3 Be8 38. Be2 Nb6 39. Bb2 Kg8 40. Rc5 Na4 41.
R5c2 Nxb2 42. Rxb2 Kg7 43. Rbc2 Kf6 44. Bf3 g5 45. g3 g4 46. Bg2 h5 47. Rc5 Ke7
48. h3 Kf6 49. hxg4 hxg4 50. Ke2 Rh7 51. Rh1 Rxh1 52. Bxh1 Ke7 53. Bg2 Kd6 54.
Rc1 Bd7 55. Rh1 Ra8 56. Rb1 a5 57. bxa5 Rxa5 58. Rb3 e5 59. Kd3 e4+ 60. Kd2 Be6
61. Rc3 Ra4 62. Bf1 Bd5 63. Be2 b4 64. axb4 Rxb4 65. Bd1 Rb2+ 66. Rc2 Rxc2+ 67.
Bxc2 c5 68. dxc5+ Kxc5 69. Ba4 Be6 70. Kc3 Bc8 71. Be8 Be6 72. Bg6 Bd7 73. Bh7
Bc8 74. Bg6 Be6 75. Bh7 Bc8 76. Bg6 Bd7 77. Bh7 Be6 78. Bg6 1/2-1/2

[Event "l'espoir"]
[Site "http://www.queenalice.com/game.php?id=535643"]
[Date "2009.2.5"]
[Round "-"]
[White "emmanuel69"]
[Black "merlin"]
[Result "0-1"]
[WhiteElo "1779"]
[BlackElo "1745"]

1. c4 d6 2. d4 c6 3. e4 g6 4. Nc3 Bg7 5. Nf3 Nf6 6. Be2 O-O 7. O-O Bg4 8. h3
Bxf3 9. Bxf3 e6 10. Re1 Ne8 11. Be3 Qc7 12. Qd2 Qa5 13. a3 c5 14. Rec1 Nc6 15.
dxc5 Ne5 16. Be2 dxc5 17. Qc2 Nd6 18. b3 Nc6 19. Ra2 Bxc3 20. Qxc3 Qxc3 21. Rxc3
Nxe4 22. Rd3 Rad8 23. Bxc5 Nxc5 24. Rxd8 Nxd8 25. b4 Nb3 26. Bd1 Nd4 27. Rd2 e5
28. f4 f6 29. fxe5 fxe5 30. Bg4 h5 31. Bd1 a6 32. Rd3 N8e6 33. Re3 Rf5 34. Ba4
b5 35. cxb5 axb5 36. Bd1 Nf4 37. g4 hxg4 38. hxg4 Rg5 39. Kh2 Kf7 40. Kg3 Nf5+
41. Kf3 Nxe3 42. Kxe3 Ke6 43. Ke4 Nd5 44. Be2 Nc3+ 0-1

[Event "Challenge"]
[Site "http://www.queenalice.com/game.php?id=537833"]
[Date "2009.2.9"]
[Round "-"]
[White "DORLISS"]
[Black "emmanuel69"]
[Result "1-0"]
[WhiteElo "1934"]
[BlackElo "1755"]

1. e4 c6 2. Nf3 d5 3. e5 Bf5 4. d4 e6 5. Be2 a6 6. O-O c5 7. c4 Nc6 8. Nc3 dxc4
9. d5 exd5 10. Re1 Be6 11. Ng5 Nxe5 12. Bg4 Nxg4 13. Nxe6 fxe6 14. Rxe6+ Be7 15.
Qxg4 g6 16. Bg5 h6 17. Bxe7 Nxe7 18. Rae1 Rh7 19. Qxg6+ Rf7 20. Qg8+ Rf8 21.
Rxe7+ Qxe7 22. Rxe7+ Kxe7 23. Qh7+ Kd8 24. Nxd5 1-0

[Event "Challenge"]
[Site "http://www.queenalice.com/game.php?id=538317"]
[Date "2009.2.10"]
[Round "-"]
[White "piemme"]
[Black "emmanuel69"]
[Result "0-1"]
[WhiteElo "1797"]
[BlackElo "1701"]

1. d4 d5 2. e3 Nf6 3. g3 e6 4. Bg2 Be7 5. Nf3 O-O 6. c3 c5 7. a4 Nc6 8. O-O cxd4
9. exd4 Re8 10. Re1 g6 11. Nbd2 Bf8 12. b4 a6 13. a5 Bg7 14. Ba3 Na7 15. Kh1 Nb5
16. Bb2 Bd7 17. Ne5 Bc6 18. Ndf3 Rc8 19. Bc1 Nxc3 20. Qc2 Nb5 21. Ng5 Nd6 22.
Rb1 h6 23. Ngf3 Bb5 24. Qd2 Nde4 25. Qe3 Rc3 26. Nd3 Rxd3 27. Qe2 Nc3 28. Qb2
Nxb1 29. Qxb1 Rc3 30. Qb2 Qc7 31. Bf4 Qc8 32. Qd2 Ne4 33. Qb2 Rc2 34. Qb3 Nxf2+
35. Kg1 Nd3 36. Re3 Nxf4 37. gxf4 Rc1+ 38. Ne1 Bxd4 39. h3 Rxe1+ 40. Kf2 Rxe3
41. Qd1 Rd3+ 0-1

[Event "Challenge"]
[Site "http://www.queenalice.com/game.php?id=539123"]
[Date "2009.2.12"]
[Round "-"]
[White "lutarmada"]
[Black "emmanuel69"]
[Result "1-0"]
[WhiteElo "1885"]
[BlackElo "1743"]

1. d4 d5 2. c4 c6 3. Nc3 e6 4. Nf3 Nf6 5. Bg5 Nbd7 6. e3 Be7 7. Bd3 O-O 8. O-O
h6 9. Bh4 dxc4 10. Bxc4 Nd5 11. Bxe7 Qxe7 12. e4 Nxc3 13. bxc3 Nb6 14. Bd3 Nd7
15. e5 Rd8 16. Re1 a6 17. Re3 Nb6 18. Nd2 Nd5 19. Rg3 Nxc3 20. Qc1 Nd5 21. Ne4
Kh8 22. Nd6 Nc7 23. Qf4 Rf8 24. Rh3 f5 25. exf6 Rxf6 26. Qe4 g5 27. Nc4 Qg7 28.
Ne5 Nd5 29. Ng4 Nf4 30. Nxf6 Nxh3+ 31. gxh3 Bd7 32. Nh5 Qf7 33. Qe5+ Kg8 34.
Nf6+ Kf8 35. Qd6+ 1-0

[Event "AUTO-ADV-1222"]
[Site "http://www.queenalice.com/game.php?id=541253"]
[Date "2009.2.16"]
[Round "1"]
[White "emmanuel69"]
[Black "alvarogoulart"]
[Result "1-0"]
[WhiteElo "1758"]
[BlackElo "1834"]

1. c4 e5 2. Nc3 d6 3. g3 Bf5 4. Bg2 c6 5. d3 Nf6 6. e4 Bg4 7. f3 Bh5 8. g4 Bg6
9. Nge2 Be7 10. Ng3 O-O 11. O-O Na6 12. a3 Nc7 13. Nf5 Bxf5 14. exf5 d5 15. Bg5
h6 16. Bc1 d4 17. Ne4 Nxe4 18. fxe4 Bh4 19. Bd2 b5 20. cxb5 cxb5 21. Be1 Bg5 22.
Bd2 Bh4 23. Be1 Qg5 24. Bxh4 Qxh4 25. h3 a6 26. Qe1 Qxe1 27. Rfxe1 a5 28. Rec1
Rac8 29. Rc2 Na6 30. Rac1 Rxc2 31. Rxc2 b4 32. Kf2 Rd8 33. Bf3 f6 34. Bd1 Rd7
35. Rc6 Nb8 36. Rc8+ Kf7 37. Rxb8 bxa3 38. bxa3 Rc7 39. Ra8 Rc3 40. Ra7+ Kf8 41.
Rxa5 Rxd3 42. Bf3 Rb3 43. Ra7 d3 44. a4 d2 45. Rd7 Ra3 46. Rxd2 Rxa4 47. Rd7 Ra3
48. h4 Rc3 49. Kg3 Ra3 50. Rc7 Rb3 51. g5 hxg5 52. hxg5 fxg5 53. Rc5 Kf7 54.
Rxe5 Kf6 55. Re6+ Kf7 56. Rg6 g4 57. Kxg4 Rb1 58. Kf4 Rf1 59. e5 Rf2 60. e6+ Kf8
61. Rg1 Rd2 62. Kg5 Rf2 63. Bg4 Ke7 64. Kg6 Kf8 65. Rh1 Rg2 66. Rh8+ Ke7 67. Kg5
Rg1 68. Rg8 g6 69. Rxg6 Kd6 70. Rg7 Ke5 71. e7 Rxg4+ 72. Kxg4 Kf6 73. Rh7 Ke5
74. e8=Q+ Kd5 75. Rd7+ Kc6 76. Qc8+ Kb6 77. Rb7+ Ka6 78. Qa8# 1-0

[Event "AUTO-ADV-1222"]
[Site "http://www.queenalice.com/game.php?id=541254"]
[Date "2009.2.16"]
[Round "1"]
[White "alvarogoulart"]
[Black "emmanuel69"]
[Result "0-1"]
[WhiteElo "1844"]
[BlackElo "1738"]

1. e4 c6 2. Bc4 d5 3. exd5 cxd5 4. Bb3 Nf6 5. h3 Nc6 6. d3 e6 7. Bg5 Be7 8. Bf4
O-O 9. Nf3 Bd6 10. Bg5 Be7 11. Nbd2 Nd7 12. Bxe7 Qxe7 13. O-O Nf6 14. Qe2 Qd6
15. Rad1 Qc7 16. c4 dxc4 17. dxc4 b6 18. Ne4 Qf4 19. g3 Qxe4 20. Rfe1 Qxe2 21.
Rxe2 Bb7 22. Ba4 Rfd8 23. Red2 Rxd2 24. Rxd2 h6 25. Ne1 Kf8 26. Nc2 Ne5 27. Kf1
Nxc4 28. Re2 Nxb2 29. Bb3 Ba6 30. Nd4 Bxe2+ 31. Kxe2 Rc8 32. Kf3 Nd3 33. Ke3 Nc5
34. Bd1 Nd5+ 35. Kf3 Ke7 36. Kg4 Nc3 37. Bc2 Nxa2 38. Bd1 Nc3 39. Bf3 N3e4 40.
Nb5 Nxf2+ 41. Kh4 a6 42. Nd4 b5 43. g4 b4 44. Kg3 Nfe4+ 45. Kf4 Ng5 46. Bg2 b3
47. h4 b2 48. hxg5 hxg5+ 49. Kxg5 b1=Q 50. Nf3 f6+ 51. Kh4 Rh8+ 52. Kg3 Ne4+ 53.
Kf4 g5+ 54. Ke3 f5 55. gxf5 exf5 56. Nxg5 Nxg5 57. Kf4 Ne6+ 58. Kf3 Qd3+ 59. Kf2
Rh2 60. Kg1 Rxg2+ 61. Kh1 Ra2 62. Kg1 Qd1# 0-1

[Event "AUTO-ADV-1222"]
[Site "http://www.queenalice.com/game.php?id=541255"]
[Date "2009.2.16"]
[Round "1"]
[White "emmanuel69"]
[Black "math_amorim"]
[Result "0-1"]
[WhiteElo "1724"]
[BlackElo "1949"]

1. c4 Nf6 2. Nc3 c5 3. g3 d5 4. cxd5 Nxd5 5. Bg2 e6 6. Nxd5 exd5 7. d4 cxd4 8.
Qxd4 Be6 9. a3 Nc6 10. Qd1 Bc5 11. e3 O-O 12. Nf3 Qf6 13. O-O Rad8 14. Rb1 d4
15. exd4 Nxd4 16. Nxd4 Bxd4 17. Qf3 Qg6 18. Qe4 Bf5 0-1

[Event "AUTO-ADV-1222"]
[Site "http://www.queenalice.com/game.php?id=541256"]
[Date "2009.2.16"]
[Round "1"]
[White "math_amorim"]
[Black "emmanuel69"]
[Result "1-0"]
[WhiteElo "1935"]
[BlackElo "1724"]

1. d4 d5 2. c4 c6 3. Nc3 dxc4 4. Nf3 e6 5. e3 b5 6. a4 Bd7 7. b3 cxb3 8. Qxb3
Qb6 9. axb5 Bd6 10. Nd2 cxb5 11. Nxb5 Nf6 12. Nc4 Qc6 13. Nbxd6+ Ke7 14. Ba3 Nd5
15. Ne4+ Ke8 16. Ne5 Qc7 17. Nd6+ 1-0

[Event "AUTO-ADV-1222"]
[Site "http://www.queenalice.com/game.php?id=541257"]
[Date "2009.2.16"]
[Round "1"]
[White "emmanuel69"]
[Black "PedroNRF"]
[Result "0-1"]
[WhiteElo "1724"]
[BlackElo "1720"]

1. c4 e5 2. Nc3 Bb4 3. Nd5 a5 4. Nxb4 axb4 5. d3 c5 6. g3 Nf6 7. Bg2 d6 8. Nf3
O-O 9. O-O Ng4 10. e4 Qb6 11. b3 Nc6 12. h3 Nf6 13. a4 Be6 14. Ng5 Nd4 15. Bb2
Nc6 16. Nxe6 fxe6 17. Qe2 Rf7 18. Kh2 Raf8 19. f3 Nh5 20. Bc1 Nd4 21. Qd1 d5 22.
exd5 exd5 23. Be3 Qg6 24. g4 Nf4 25. Bxf4 Rxf4 26. Ra2 e4 27. fxe4 Qd6 28. Kg1
dxc4 29. Rxf4 Rxf4 30. Rd2 Nxb3 31. Rf2 Qd4 32. Qe1 cxd3 33. Kf1 d2 0-1

[Event "AUTO-ADV-1222"]
[Site "http://www.queenalice.com/game.php?id=541258"]
[Date "2009.2.16"]
[Round "1"]
[White "PedroNRF"]
[Black "emmanuel69"]
[Result "0-1"]
[WhiteElo "1742"]
[BlackElo "1721"]

1. d4 d5 2. Bf4 Nf6 3. e3 e6 4. c3 Bd6 5. Qf3 O-O 6. Bg5 Be7 7. Bd3 Nbd7 8. Ne2
h6 9. Bf4 Re8 10. Ng3 Nf8 11. Nh5 Nxh5 12. Qg4 Nxf4 13. exf4 Nh7 14. O-O Nf6 15.
Qe2 c5 16. b3 cxd4 17. cxd4 a6 18. h3 Bd7 19. a4 Bd6 20. Qc2 Bxf4 21. g3 Bd6 22.
h4 Rc8 23. Qe2 Bb4 24. Ra2 Rc7 25. Bc2 Qe7 26. Nd2 Rec8 27. Nf3 Bd6 28. Rc1 Ba3
29. Rca1 Bb4 30. a5 Bc3 31. Rc1 Qb4 32. Qd3 Bb5 33. Qd1 Ne4 34. Bd3 Bxd3 35.
Qxd3 Qxb3 36. Rac2 Qb4 37. Ra2 Rc4 38. Rb1 Qe7 39. Rd1 Nd6 40. Qe2 Nb5 41. Qe5
Qb4 42. h5 Nxd4 43. Nxd4 Bxd4 44. Qe2 Qc5 45. Rb1 Rb4 46. Rf1 Rc4 47. Qd2 Bf6
48. Kg2 Rc2 49. Rxc2 Qxc2 50. Qb4 Qc6 51. Qa3 Bd8 52. Qb4 Qb5 53. Rb1 Qxb4 54.
Rxb4 Rb8 55. Ra4 Rc8 56. Kh3 Rc5 57. g4 Rxa5 58. Rb4 Rb5 59. Rf4 e5 60. Rf5 f6
61. Kg2 a5 62. Rf3 a4 63. Ra3 Ra5 64. Rc3 a3 65. g5 hxg5 66. Rc8 a2 67. Rxd8+
Kh7 0-1

[Event "Challenge"]
[Site "http://www.queenalice.com/game.php?id=545889"]
[Date "2009.2.24"]
[Round "-"]
[White "emmanuel69"]
[Black "francky78"]
[Result "0-1"]
[WhiteElo "1719"]
[BlackElo "1674"]

1. c4 e5 2. Nc3 Nc6 3. g3 Nf6 4. Bg2 Be7 5. d3 Nd4 6. Nf3 Nxf3+ 7. Bxf3 c6 8.
O-O d6 9. e4 Bh3 10. Bg2 Bxg2 11. Kxg2 Qd7 12. f4 exf4 13. Bxf4 Ng4 14. h3 Ne5
15. a3 O-O 16. Qe2 Ng6 17. Be3 b6 18. Rf3 f6 19. Raf1 Ne5 20. Rf5 Qe6 21. a4 g6
22. R5f2 Nd7 23. Bh6 Rf7 24. Bf4 Bf8 25. Qd2 Bg7 26. Bh6 Raf8 27. Bxg7 Kxg7 28.
g4 g5 29. Rf5 h6 30. Ne2 Qe8 31. Nd4 Ne5 32. Ne2 Nd7 33. Nd4 Nc5 34. Ne2 Nxa4
35. b3 Nc5 36. b4 Nd7 37. Nd4 Ne5 38. Ne2 Ng6 39. Kg3 Nh4 40. R5f2 Qe5+ 41. Nf4
Ng6 42. Kg2 Nxf4+ 43. Rxf4 gxf4 44. Rxf4 Qg5 45. Qf2 Qe5 46. Rf5 Qe6 47. h4 Rh8
48. h5 Ra8 49. Kg3 c5 50. b5 a5 51. Qb2 a4 52. Qa3 Kh7 53. Qb2 Rg7 54. Qxf6 Qxf6
55. Rxf6 Rd8 56. Kh3 a3 57. Rf2 Ra8 58. Ra2 Ra4 59. Kg3 Rf7 60. Ra1 a2 61. Kg2
Ra3 62. Kg1 Rf4 0-1

[Event "Challenge"]
[Site "http://www.queenalice.com/game.php?id=546523"]
[Date "2009.2.25"]
[Round "-"]
[White "ORNELAS"]
[Black "emmanuel69"]
[Result "0-1"]
[WhiteElo "1572"]
[BlackElo "1708"]

1. d4 d5 2. e3 Nf6 3. c4 c6 4. c5 e6 5. Nf3 Be7 6. Ne5 Nbd7 7. Nf3 O-O 8. b4 a6
9. a4 Re8 10. Nbd2 b5 11. a5 Qc7 12. g3 g6 13. Bg2 Bf8 14. O-O Bg7 15. Nh4 h6
16. Ndf3 Ne4 17. Nxg6 fxg6 18. Nh4 g5 19. Ng6 Ndf6 20. Qc2 g4 21. Ra3 Qf7 22.
Ne5 Qc7 23. Qd1 h5 24. h4 Rf8 0-1

[Event "coyote78"]
[Site "http://www.queenalice.com/game.php?id=559253"]
[Date "2009.3.21"]
[Round "1"]
[White "emmanuel69"]
[Black "cyrilledeLePin"]
[Result "1-0"]
[WhiteElo "1795"]
[BlackElo "1954"]

1. c4 e6 2. Nc3 c5 3. g3 g6 4. Bg2 Nc6 5. d3 Bg7 6. Nf3 Nge7 7. O-O O-O 8. Re1
a6 9. e4 d5 10. cxd5 exd5 11. e5 b5 12. Bg5 d4 13. Nb1 f6 14. exf6 Bxf6 15. Bxf6
Rxf6 16. Ne5 Bd7 17. Nxd7 Qxd7 18. Nd2 Re8 19. Ne4 Rf5 20. Bh3 c4 21. Bxf5 Qxf5
22. Nd6 Qd7 23. Nxe8 Qxe8 24. Re6 c3 25. bxc3 dxc3 26. Rc1 Qf7 27. Qe1 Kf8 28.
Rxc3 Nd4 29. Rxe7 Nf3+ 30. Kf1 Qxe7 31. Qxe7+ Kxe7 32. Rc7+ Kd6 33. Rxh7 a5 34.
h4 Kc5 35. Ke2 Nd4+ 36. Kd2 Kb4 37. Rd7 Nf3+ 38. Kc2 Ka3 39. Rd5 Kxa2 40. Kc1 a4
41. Rxb5 Nd4 42. Rb8 a3 43. g4 Ka1 44. h5 gxh5 45. gxh5 Nc2 46. h6 Nb4 47. Kd2
a2 48. h7 Kb2 49. h8=Q+ Ka3 50. Qc3+ Ka4 51. Qxb4# 1-0

[Event "coyote78"]
[Site "http://www.queenalice.com/game.php?id=559259"]
[Date "2009.3.21"]
[Round "2"]
[White "REIDID93"]
[Black "emmanuel69"]
[Result "0-1"]
[WhiteElo "1826"]
[BlackElo "1777"]

1. d4 d5 2. Nf3 Nf6 3. c4 c6 4. a4 e6 5. Nc3 Be7 6. Qc2 O-O 7. Bg5 Nbd7 8. e4
dxe4 9. Nxe4 Nxe4 10. Bxe7 Qxe7 11. Qxe4 Nf6 12. Qc2 Qb4+ 13. Qd2 Qxd2+ 14. Nxd2
Rd8 15. Nf3 b6 16. g3 Bb7 17. Bg2 Rab8 18. O-O Ne4 19. Rfe1 Nf6 20. Rad1 Ba6 21.
b3 Kf8 22. Ne5 Bb7 23. Bxc6 Rd6 24. Bxb7 Rxb7 25. Re3 Rc7 26. Red3 Ke7 27. d5
exd5 28. cxd5 Rc5 29. Nc6+ Kd7 30. Nxa7 Rdxd5 31. Rxd5+ Rxd5 32. Rxd5+ Nxd5 33.
Nb5 Nf6 34. f3 Nd5 35. Kf2 g5 36. Ke2 f6 37. Kd3 Kc6 38. Kd4 h5 39. Nc3 Ne7 40.
Ne4 Nd5 41. Nd2 Nb4 42. Ke4 Kd6 43. Kf5 Nd5 44. Ne4+ Ke7 45. Kg6 h4 46. gxh4
Nf4+ 47. Kf5 Ne6 48. b4 gxh4 49. Kg4 Nd4 50. Nd2 Ke6 0-1

[Event "coyote78"]
[Site "http://www.queenalice.com/game.php?id=675122"]
[Date "2009.10.30"]
[Round "3"]
[White "LukeSkywalker"]
[Black "emmanuel69"]
[Result "1-0"]
[WhiteElo "1891"]
[BlackElo "1817"]

1. e4 c6 2. d4 d5 3. e5 Bf5 4. Nf3 e6 5. Be2 a6 6. O-O c5 7. Be3 cxd4 8. Nxd4
Bg6 9. c4 Bxb1 10. Rxb1 Nc6 11. cxd5 Qxd5 12. Bf3 Qd7 13. Nxc6 bxc6 14. Qxd7+
Kxd7 15. Rfd1+ Kc7 16. Rbc1 Ne7 17. Rd6 g6 18. Bg5 Nd5 19. Rdxc6+ Kd7 20. Bxd5
exd5 21. e6+ fxe6 22. Rc7+ Ke8 23. R1c6 a5 24. Rxe6+ 1-0

[Event "coyote78"]
[Site "http://www.queenalice.com/game.php?id=720978"]
[Date "2010.1.26"]
[Round "4"]
[White "coyote78"]
[Black "emmanuel69"]
[Result "1-0"]
[WhiteElo "2019"]
[BlackElo "1804"]

1. e4 c6 2. d4 d5 3. Nc3 e6 4. a3 Nd7 5. Nf3 dxe4 6. Nxe4 Ngf6 7. Bg5 Be7 8.
Nxf6+ Nxf6 9. Ne5 O-O 10. Bd3 Nd7 11. Bxe7 Qxe7 12. O-O Nxe5 13. dxe5 Rd8 14.
Qh5 g6 15. Qh6 Qf8 16. Qg5 b5 17. Rad1 Bb7 18. Be4 h6 19. Qf6 a5 20. Rd3 Rxd3
21. Bxd3 Qd8 22. Rd1 Qxf6 23. exf6 Rd8 24. Kf1 Kf8 25. Ke1 Ke8 26. g3 b4 27. Ke2
Rd6 28. f4 c5 29. Bb5+ Bc6 30. Rxd6 Bxb5+ 31. Ke3 bxa3 32. bxa3 a4 33. Rb6 1-0